'T' Cities by Picture Quiz Stats

 Plays Quiz Updated Jul 21, 2019

Score 0/20 Timer 07:00
2 Plays Today
% Correct
Toronto, Canada
96.3%
Taipei, Taiwan
73.3%
Tokyo, Japan
61.3%
Turin, Italy
53.7%
Tallinn, Estonia
51.4%
Tirana, Albania
48.9%
Tehran, Iran
48.6%
Tunis, Tunisia
48.5%
Tucson, Arizona, USA
39.6%
Tijuana, Mexico
37.3%
% Correct
Tegucigalpa, Honduras
35.5%
Tripoli, Libya
33.9%
Tampa, Florida, USA
27.6%
Tulsa, Oklahoma, USA
24.1%
Tel Aviv, Israel
23.5%
Tbilisi, Georgia
23.2%
Tianjin, China
22.5%
Toledo, Spain
22%
Tangier, Morocco
19.7%
Turku, Finland
8.4%

You're not logged in!

Compare scores with friends on all Sporcle quizzes.
OR
Log In

Show Comments

Extras

Top Quizzes Today


Score Distribution

Your Account Isn't Verified!

In order to create a playlist on Sporcle, you need to verify the email address you used during registration. Go to your Sporcle Settings to finish the process.

Report this User

Report this user for behavior that violates our Community Guidelines.

Details: